000 00499nam a22001697a 4500
005 20251108164734.0
008 250721s1965 xx 000 0 ara d
082 1 4 _a615.781/سان
100 1 _aزكي، سانحة أمين
245 1 0 _aالمخدرات :
_bبحث في الإجمان و طرق علاجه /
264 1 _aبغداد :
_bمطبعة المعارف،
_c1965.
300 _a42ص
650 1 7 _aالمخدرات
650 1 7 _aالعقاقير
942 _2ddc
_cBK
999 _c13147
_d13147